000 00370nam a22001337a 4500
999 _c13652
_d13652
020 _a9780195978483
082 _a975.80
_bHAB
100 _aMeherafroze Mirza Habib
245 _a A Georgian Saga
_bfrom the caucasus to the Indus
260 _aKarachi
_bOxford University Press
_c2005
300 _aXVI, 180 Pages
650 _aPakistan, Indus, Georgian Saga
942 _cBK